Statistics for One Coventry City Player by Nation

Click here to take the quiz!

General Stats

  • This quiz has been taken 82 times
  • The average score is 5 of 10

Answer Stats

NationPlayer% Correct
EnglandSteve Ogrizovic | Richard Shaw | Paul Williams | +49 others
97%
IrelandGary Breen | Phil Babb | Willie Boland | +5 others
70%
ScotlandPaul Telfer | Gary McAllister | David Rennie | +8 others
65%
WalesCraig Bellamy | John Hartson | Simon Haworth
60%
MoroccoYoussef Chippo | Mustapha Hadji
54%
SwedenMagnus Hedman | Roland Nilsson | Tomas Antonelius
44%
United StatesRoy Wegerle | Cobi Jones
43%
BelgiumCédric Roussel | Philippe Clement
32%
AustraliaJohn Aloisi | John Filan
32%
NorwayTrond Egil Soltvedt | Runar Normann
29%

Score Distribution

Percentile by Number Answered

Percent of People with Each Score

Your Score History

You have not taken this quiz